LEADER 01467nam0 22003373i 450 001 ANA0015615 005 20231121125404.0 100 $a20130610d1978 ||||0itac50 ba 101 | $aita$aspa$alat 102 $ait 181 1$6z01$ai $bxxxe 182 1$6z01$an 200 1 $a1492: scoperta e conquista dell'America$fMarinella Bonvini Mazzanti 210 $aUrbino$cArgalia$d[1978] 215 $a218 p., [20] p. di tav.$cfacs.$d22 cm 225 | $aStudi storici 300 $aSegue: Appendice documentaria 410 0$1001CFI0007020$12001 $aStudi storici 517 1 $aMillequattrocentonovantadue$9RAV0173699 606 $aAmerica$xScoperta$2FIR$3RMLC065337$9I 676 $a970.015$9STORIA DELL'AMERICA SETTENTRIONALE. SCOPERTE DI COLOMBO$v19 700 1$aBonvini Mazzanti$b, Marinella$3CFIV133125$4070$0499731 790 1$aMazzanti Bonvini$b, Marinella$3CFIV204726$zBonvini Mazzanti, Marinella 801 3$aIT$bIT-01$c20130610 850 $aIT-FR0017 899 $aBiblioteca umanistica Giorgio Aprea$bFR0017 912 $aANA0015615 950 0$aBiblioteca umanistica Giorgio Aprea$d 52CIS D.O.B./802$e 52VM 0000810775 VM barcode:78905-10. - Inventario:36578. - Fondo:Laboratorio Valorizzazione TerritorialeVM$fB $h20091110$i20121204$d 52DES 970 Bon.1942$e 52SBA0000159925 VMB RS $fA $h20130711$i20130711 977 $a 52 996 $a1492$91265024 997 $aUNICAS